Nuevos cuentos, historietas y fábulas completas (Registro nro. 23438)

Detalles MARC
000 -CABECERA
Longitud fija campo de control 00552nam a2200193 b 4500
003 - IDENTIFICADOR DELl NÚMERO DE CONTROL
Identificador del número de control OSt
005 - FECHA Y HORA DE LA ÚLTIMA TRANSACCIÓN
Fecha y hora de la última transacción 20151123105842.0
008 - CÓDIGOS DE INFORMACIÓN DE LONGITUD FIJA
Códigos de información de longitud fija 000707s1998 sp | ||| ||spa
020 ## - NÚMERO INTERNACIONAL NORMALIZADO PARA LIBROS
Número Internacional Normalizado para Libros (ISBN) 84-8403-142-X
040 ## - FUENTE DE LA CATALOGACIÓN
Centro transcriptor BMC
082 ## - NÚMERO DE LA CLASIFICACIÓN DECIMAL DEWEY
Númeroo de clasificación 840
100 1# - PUNTO DE ACCESO PRINCIPAL-NOMBRE DE PERSONA
Nombre de persona Sade,
Títulos y otros términos asociados al nombre Marqués de
Fechas asociadas al nombre 1740-1814
9 (RLIN) 33012
245 10 - MENCIÓN DE TÍTULO
Título Nuevos cuentos, historietas y fábulas completas
Mención de responsabilidad, etc. Marqués de Sade
260 ## - PUBLICACIÓN, DISTRIBUCIÓN, ETC. (PIE DE IMPRENTA)
Lugar de publicación, distribución, etc. Arganda del Rey (Madrid)
Nombre del editor, distribuidor, etc. Edimat
Fecha de publicación, distribución, etc. 1998
300 ## - DESCRIPCIÓN FÍSICA
Extensión 254 p.
Dimensiones 19 cm
490 ## - MENCIÓN DE SERIE
Mención de serie Clásicos de siempre
Designación de volumen o secuencia 37
650 24 - PUNTO DE ACCESO ADICIONAL DE MATERIA - TÉRMINO DE MATERIA
9 (RLIN) 30831
Término de materia o nombre geográfico como elemento inicial Literatura francesa
942 ## - ENTRADA DE ELEMENTOS AGREGADOS (KOHA)
Fuente de clasificaión o esquema Dewey Decimal Classification
Koha [por defecto] tipo de item 1- Monografias
Existencias
Suprimido Perdido Fuente de clasificación o esquema Estropeado Restricciones de uso No para préstamo Código de colección Localización permanente Localización actual Localización en estanter&íacute;as Fecha adquisición Fuente de adquisición Número de inventario Préstamos totales Renovaciones totales Signatura completa Código de barras Fecha última consulta Fecha último préstamo Coste, precio reemplazado Fecha del precio de reemplazo Tipo de item de Koha
NULL NULL Dewey Decimal Classification NULL Prestable NULL NULL Biblioteca Miguel de Cervantes - UNICAES Biblioteca Miguel de Cervantes - UNICAES Sala Principal 11/11/2015 Donación - ADESH 030931 3 2 C SAD nue 1035074 06/09/2018 06/09/2018 18.00 11/11/2015 1- Monografias